वज्राघात (Record no. 339249)

MARC details
000 -LEADER
fixed length control field 00530nam a2200181Ia 4500
008 - FIXED-LENGTH DATA ELEMENTS--GENERAL INFORMATION
fixed length control field 090711s9999 xx 000 0 und d
082 ## - DEWEY DECIMAL CLASSIFICATION NUMBER
Item number 65
100 ## - MAIN ENTRY--PERSONAL NAME
Personal name मेहता अभय
245 ## - TITLE STATEMENT
Title वज्राघात
260 ## - PUBLICATION, DISTRIBUTION, ETC. (IMPRINT)
Name of publisher, distributor, etc ऑक्टोपस बुक्स
Date of publication, distribution, etc 2001
300 ## - PHYSICAL DESCRIPTION
Extent 149
600 ## - SUBJECT ADDED ENTRY--PERSONAL NAME
Personal name मेहता अभय
630 ## - SUBJECT ADDED ENTRY--UNIFORM TITLE
Uniform title वज्राघात
700 ## - ADDED ENTRY--PERSONAL NAME
Personal name दामले मंजिरी
700 ## - ADDED ENTRY--PERSONAL NAME
Personal name मेहता अभय
730 ## - ADDED ENTRY--UNIFORM TITLE
Uniform title वज्राघात
942 ## - ADDED ENTRY ELEMENTS (KOHA)
Koha item type Book

No items available.